Việt Nam-Nhật Bản quan hệ đối tác chiến lược sâu rộng vì hòa bình và phồn vinh ở Châu Á /

Saved in:
Bibliographic Details
Other Authors: Nguyễn, Tá̂n Phát, (Editor)
Format: Book
Language:Vietnamese
Published: TP.HCM : Nhà xuất bản Tổng hợp Thành phố Hồ Chí Minh, 2014.
Subjects:
Tags: Add Tag
No Tags, Be the first to tag this record!
LEADER 01429cam a2200373Ii 4500
001 014261663-X
005 20150807183848.0
008 150330s2014 vm a 000 0 vie d
020 |a 9786045821145 
020 |a 6045821149 
035 0 |a ocn905891897 
040 |a COO  |b eng  |e rda  |c COO  |d OCLCO  |d YUS  |d HMY 
043 |a a-vt---  |a a-ja--- 
050 4 |a DS556.58.J3  |b V44 2014 
245 0 0 |a Việt Nam-Nhật Bản quan hệ đối tác chiến lược sâu rộng vì hòa bình và phồn vinh ở Châu Á /  |c Nguyễn Tấn Phát, ký sự ảnh, biên soạn. 
246 1 4 |a Vị thế Việt Nam 
264 1 |a TP.HCM :  |b Nhà xuất bản Tổng hợp Thành phố Hồ Chí Minh,  |c 2014. 
300 |a 99 pages :  |b color illustrations ;  |c 27 cm 
336 |a text  |b txt  |2 rdacontent 
337 |a unmediated  |b n  |2 rdamedia 
338 |a volume  |b nc  |2 rdacarrier 
500 |a "Bố sách đặc biệt về quan hệ ngoại giao của Việt Nam"--Cover. 
651 0 |a Vietnam  |x Foreign relations  |z Japan. 
651 0 |a Japan  |x Foreign relations  |z Vietnam. 
651 0 |a Vietnam  |x Foreign economic relations  |z Japan. 
651 0 |a Japan  |x Foreign economic relations  |z Vietnam. 
650 7 |a Diplomatic relations.  |2 fast 
650 7 |a International economic relations.  |2 fast 
651 7 |a Japan.  |2 fast 
651 7 |a Vietnam.  |2 fast 
700 1 |a Nguyễn, Tá̂n Phát,  |e editor. 
988 |a 20141217 
049 |a HMYY 
906 |0 OCLC